000 00397nam a2200133Ia 4500
008 151001s9999||||xx |||||||||||||| ||und||
100 _aबलराम अग्रवाल
245 _aप्रेमचंद कि सर्वश्रेष्ठ कहानियाँ
250 _a1
260 _bसाक्षी
260 _c1998
300 _a176
365 _b21
999 _c975003
_d975000